Movies Quiz

Random Movies or Actress Quiz

Focus Features Films Quiz Stats

 Plays Quiz not verified by Sporcle

Challenge
Share
Tweet
Embed
Score 0/52 Timer 10:00
0 Plays Today
Actor/Actress Movie Title % Correct
Adrien BrodyThe Pianist
75.9%
Bill MurrayLost In Translation
75.9%
Heath LedgerBrokeback Mountain
72.2%
Jim CarreyEternal Sunshine Of The Spotless Mind
65.8%
Keira KnightleyAtonement
59.5%
Sean PennMilk
59.5%
George ClooneyBurn After Reading
57%
Viggo MortensenEastern Promises
49.4%
Keira KnightleyPride & Prejudice
46.8%
John KrasinskiAway We Go
43%
Michael StuhlbargA Serious Man
43%
Sean Penn21 Grams
41.8%
Bill MurrayBroken Flowers
41.8%
Julianne MooreFar From Heaven
40.5%
Steve CarellDan In Real Life
40.5%
Colin FarrellIn Bruges
40.5%
Joseph Gordon-LevittBrick
39.2%
Scarlett JohanssonScoop
39.2%
Emile HirschTaking Woodstock
38%
Jack BlackBe Kind Rewind
36.7%
Dakota Fanning (voice)Coraline
36.7%
Elijah Wood (voice)9
36.7%
Gael García BernalThe Motorcycle Diaries
30.4%
Ralph FiennesThe Constant Gardener
27.8%
Tony Leung Chiu-WaiLust, Caution
27.8%
Reese WitherspoonVanity Fair
26.6%
Actor/Actress Movie Title % Correct
Charlotte RamplingSwimming Pool
20.3%
Steve CooganHamlet 2
19%
Gwyneth PaltrowSylvia
16.5%
Jeff BridgesThe Door In The Floor
16.5%
Don CheadleTalk To Me
16.5%
Bill MurrayThe Limits Of Control
13.9%
Heath LedgerNed Kelly
12.7%
John CusackThe Ice Harvest
11.4%
Paul RuddThe Shape Of Things
10.1%
Meryl StreepEvening
10.1%
Adrien BrodyHollywoodland
8.9%
Gwyneth PaltrowPossession
7.6%
Gabrielle UnionDeliver Us From Eva
7.6%
Jet LiUnleashed
7.6%
Emily BluntMy Summer Of Love
7.6%
Simon BakerSomething New
7.6%
Joaquin PhoenixReservation Road
7.6%
Natalie PortmanThe Other Boleyn Girl
7.6%
Catherine Deneuve8 femmes
6.3%
Frances McDormandMiss Pettigrew Lives For A Day
6.3%
Derek LukeCatch A Fire
3.8%
Brenda BlethynOn A Clear Day
2.5%
Paulina GaitánSin Nombre
2.5%
James McAvoyRory O'Shea Was Here
1.3%
Robert AcostaThe Ground Truth
1.3%
Sean Cw JohnsonMy Little Eye
0%

You're not logged in!

Compare scores with friends on all Sporcle quizzes.
Join for Free
OR
Log In

You Might Also Like...

Show Comments

Extras

Top Quizzes Today


Score Distribution

Your Account Isn't Verified!

In order to create a playlist on Sporcle, you need to verify the email address you used during registration. Go to your Sporcle Settings to finish the process.

Report this User

Report this user for behavior that violates our Community Guidelines.

Details: